Minaret (Record no. 13689)

MARC details
000 -LEADER
fixed length control field 00583nam a2200241 a 4500
020 ## - INTERNATIONAL STANDARD BOOK NUMBER
ISBN 0747576262
082 00 - DEWEY DECIMAL CLASSIFICATION NUMBER
Classification number 305.480297
Author Cutter ABO
100 ## - MAIN ENTRY--AUTHOR NAME
Author name Aboulela, Leila
245 ## - TITLE STATEMENT
Title Minaret
260 ## - PUBLICATION, DISTRIBUTION, ETC. (IMPRINT)
Place of publication London
Name of publisher Bloomsbury Publishing
Year of publication 2005
300 ## - PHYSICAL DESCRIPTION
Number of Pages 276p
500 ## - GENERAL NOTE
General note includes index and biblioraphy
650 ## - SUBJECT ADDED ENTRY--TOPICAL TERM
Topical Term Muslim Women-Europe
650 ## - SUBJECT ADDED ENTRY--TOPICAL TERM
Topical Term Fiction
942 ## - ADDED ENTRY ELEMENTS (KOHA)
Koha item type Books
700 1# -
-- Aboulela, Leila
Holdings
Collection code Home library Current library Date acquired Cost, normal purchase price Full call number Accession Number Koha item type
  Henry Martyn Institute Library Henry Martyn Institute Library 11/06/2008 782.00 305.480297 ABO 022545 Books
                   Copyright © 2026 | Henry Martyn Institute | Hyderabad | TS-500052 | INDIA | Implemented by hmi.edu.in
Hit-Count:

Powered by Koha